| 000 | 00993cam a2200229 4500 | ||
|---|---|---|---|
| 001 | ABS61076 | ||
| 008 | 000000n1999 000 0 eng u | ||
| 035 | _a(Sirsi) u101619 | ||
| 100 | _aTwinn, C. | ||
| 245 | _aTotally absorbing. | ||
| 260 | _c1999 | ||
| 490 |
_aBuilding _v264(8099) 6 August 1999, 45(2) |
||
| 520 | _aOutlines a new system for controlling humidity around archived documents, which does not require airconditioning. The model has been set up in the Jersey Archive Centre, St Helier and requires considerably less space for plant, thereby reducing building costs. | ||
| 590 |
_aBuilding _v264(8099) 6 August 1999, 45(2) |
||
| 650 |
_aFACILITIES MANAGEMENT _96240 |
||
| 650 | _aBUILT ENVIRONMENT-BUILDING ELEMENTS-COMPLETE BUILDING SERVICES ELEMENTS-COMPLETE HEATING, VENTILATION AND AIR CONDITIONING SYSTEMS | ||
| 650 | _aHUMIDITY | ||
| 650 | _aARCHIVES | ||
| 650 | _aBUILT ENVIRONMENT-BUILDING COSTS | ||
| 690 | _aBUILDING AND CONSTRUCTION-PROJECTS | ||
| 942 | _n0 | ||
| 999 |
_c60748 _d60748 |
||